JoJo's Bizarre Adventure Openings and Endings - Statistics

General Stats
  • This quiz has been taken 177 times
    114 since last reset
  • The average score is 18 of 31
Answer Stats
Part Opening/Ending Artist % Correct
Battle Tendency OP BLOODY STREAM Coda
94%
Phantom Blood OP JoJo ~Sono Chi no Sadame~ TOMMY
94%
Diamond is Unbreakable OP 2 chase batta
93%
Phantom Blood/Battle Tendency ED Roundabout Yes
90%
Stone Ocean ED Special Roundabout Yes
90%
Stardust Crusaders OP 1 STAND PROUD JIN
90%
Diamond is Unbreakable OP 1 Crazy Noisy Bizarre Town THE DU
86%
Diamond is Unbreakable OP 3 Great Days Karen Aoki & Daisuke Hasegawa
85%
Golden Wind OP 1 Fighting Gold Coda
83%
Stardust Crusaders ED 1 Walk Like an Egyptian The Bangles
83%
Stardust Crusaders OP 2 JoJo Sono Chi no Kioku ~end of THE WORLD~ JO☆STARS
82%
Golden Wind OP 2 Uragirimono no Requiem Daisuke Hasegawa
74%
Stone Ocean OP 1 STONE OCEAN ichigo from Kishida Kyoudan & The Akeboshi Rockets
65%
Stone Ocean OP 1 Version 2 STONE OCEAN - Ver. 2 ichigo from Kishida Kyoudan & The Akeboshi Rockets
65%
Stardust Crusaders ED 2 Last Train Home Pat Metheny Group
62%
Stone Ocean OP 2 Heaven's falling down sana (sajou no hana)
61%
Golden Wind ED 1 Freek'n You Jodeci
55%
Diamond is Unbreakable ED I Want You Savage Garden
50%
Golden Wind ED 2 Modern Crusaders Enigma
46%
Stone Ocean ED Distant Dreamer Duffy
45%
Stardust Crusaders ED Special Akuyaku◇Kyōsōkyoku Makoto Yasumura/Hidenobu Kiuchi & Motoko Kumai
37%
Stardust Crusaders OP 2 Version 2 JoJo Sono Chi no Kioku ~end of THE WORLD~ - DIO Ver. JO☆STARS
37%
Stardust Crusaders OP 2 Version 3 JoJo Sono Chi no Kioku ~end of THE WORLD~ - DIO Ver. 2 JO☆STARS
37%
Diamond is Unbreakable OP 3 Version 2 Great Days - Bites the Dust Ver. Karen Aoki & Daisuke Hasegawa
32%
Golden Wind OP 2 Version 2 Uragirimono no Requiem - Diavolo Ver. Daisuke Hasegawa
32%
Golden Wind OP 2 Version 3 Uragirimono no Requiem - Giorno Ver. Daisuke Hasegawa
31%
Diamond is Unbreakable OP 1 Special Crazy Noisy Bizarre Town - EDM Arrangement Ver. THE DU
26%
Stone Ocean OP 2 Version 2 Heaven's falling down - Made in Heaven ver. sana (sajou no hana)
19%
Thus Spoke Kishibe Rohan ED FINDING THE TRUTH Coda
7%
Diamond is Unbreakable ED/OP3 Special Great Days -Units Ver.- JO☆UNITED
7%
Thus Spoke Kishibe Rohan OP Theme of Thus Spoke Kishibe Rohan Yugo Kanno
0%
No matching quizzes found
Score Distribution
Percent of People with Each Score
Percentile by Number Answered
Your Score History
You have not taken this quiz since the last reset